5HLuxD.jpg

KING HENRY VIII SENIOR AND PRIMARY SCHOOL LIBRARY OPAC

The (honest) truth about dishonesty : (Record no. 2427)

000 -LEADER
fixed length control field 00702cam a2200229 i 4500
001 - CONTROL NUMBER
control field 021813103
003 - CONTROL NUMBER IDENTIFIER
control field UkOxU
005 - DATE AND TIME OF LATEST TRANSACTION
control field 20230512100634.0
008 - FIXED-LENGTH DATA ELEMENTS--GENERAL INFORMATION
fixed length control field 150819s2012 nyua 001 0 eng d
020 ## - INTERNATIONAL STANDARD BOOK NUMBER
International Standard Book Number 9780062253002
040 ## - CATALOGING SOURCE
Original cataloging agency I8M
Language of cataloging spa
Transcribing agency I8M
Modifying agency KH8
049 ## - LOCAL HOLDINGS (OCLC)
Local processing data o
082 04 - DEWEY DECIMAL CLASSIFICATION NUMBER
Classification number FIC ARI
100 1# - MAIN ENTRY--PERSONAL NAME
Personal name Ariely, Dan.
Relator term author
245 14 - TITLE STATEMENT
Title The (honest) truth about dishonesty :
Remainder of title how we lie to everyone-- especially ourselves /
Statement of responsibility, etc. Dan Ariely.
260 ## - PUBLICATION, DISTRIBUTION, ETC.
Place of publication, distribution, etc. New York :
Name of publisher, distributor, etc. Harper Collins Publishers,
Date of publication, distribution, etc. c2012.
300 ## - PHYSICAL DESCRIPTION
Extent [18], 284 p. :
Other physical details ill. ;
Dimensions 18 cm.
504 ## - BIBLIOGRAPHY, ETC. NOTE
Bibliography, etc. note Includes bibliographical references and index.
650 #0 - SUBJECT ADDED ENTRY--TOPICAL TERM
Topical term or geographic name entry element Honesty.
650 #0 - SUBJECT ADDED ENTRY--TOPICAL TERM
Topical term or geographic name entry element Truthfulness and falsehood.
942 ## - ADDED ENTRY ELEMENTS (KOHA)
Source of classification or shelving scheme
Koha item type Books - Fiction
Holdings
Withdrawn status Lost status Source of classification or shelving scheme Damaged status Not for loan Collection code Permanent Location Current Location Shelving location Date acquired Full call number Barcode Date last seen Price effective from Koha item type
          Fiction KH8 Senior School Library KH8 Senior School Library Fiction 2023-05-12 FIC ARI 3KHSL000101991 2024-07-16 2023-05-12 Books - Fiction

Powered By KH8 IT Dept